On education : the future in education and education for a world adrift /

Saved in:
Bibliographic Details
Main Author: Livingstone, R. W. (Richard Winn), Sir, 1880-1960
Format: Book
Language:English
Published: Cambridge : Cambridge University Press, 1960.
Subjects:
LEADER 00880nam a2200217 a 4500
001 c000067553
003 CARM
005 00000000000000.0
008 s1960 enk 00010 eng d
019 1 |a 2819136  |5 LACONCORD2021 
035 |a (OCoLC)39521324  |5 LACONCORD2021 
040 |a NWU  |c NWU 
082 1 |a 370.1  |2 19 
100 1 |a Livingstone, R. W.  |q (Richard Winn),  |c Sir,  |d 1880-1960. 
245 1 0 |a On education :  |b the future in education and education for a world adrift /  |c by Sir Richard Livingstone. 
260 |a Cambridge :  |b Cambridge University Press,  |c 1960. 
300 |a x, 232 p. ;  |c 19 cm. 
650 0 |a Education  |x Aims and objectives. 
852 8 |b CARM  |h A2:AF23H0  |i A02682  |p 0182335  |f BK 
999 f f |i 9ba59917-b32b-54da-95a1-b0cc1146d09a  |s 91ec1e13-b1c2-57e5-b46e-e69793846d2a 
952 f f |p Can circulate  |a CAVAL  |b CAVAL  |c CAVAL  |d CARM 1 Store  |e A02682  |f A2:AF23H0  |h Other scheme  |i book  |m 0182335